Score 0/80 Timer 10:00
0 Plays Today
Episode Missing Word % Correct
The Girl in the _________ (9)Fireplace
94.4%
The Runaway _____ (5)Bride
94.4%
The ______ Dances (6)Doctor
93.9%
The Christmas ________ (8)Invasion
93.9%
The Wedding of _____ Song (5)River
93.9%
The _____ Pit (5)Satan
92.8%
The Fires of _______ (7)Pompeii
92.8%
A Good Man Goes to ___ (3)War
92.8%
Let's Kill ______ (6)Hitler
92.8%
_____ of Sherwood (5)Robot
91.8%
Victory of the ______ (6)Daleks
91.7%
Amy's ______ (6)Choice
91.7%
_________ on a Spaceship (9)Dinosaurs
91.7%
The _______ and the Wasp (7)Unicorn
91.1%
The ________ of Venice (8)Vampires
91.1%
The _________ Opens (9)Pandorica
91.1%
The End of the _____ (5)World
90.6%
Aliens of ______ (6)London
90.6%
The _____ Child (5)Empty
90.6%
Journey to the Centre of the ______ (6)TARDIS
90.6%
____ the Moon (4)Kill
89.8%
An Unearthly _____ (5)Child
89.4%
The Curse of the Black ____ (4)Spot
89.4%
Marco ____ (4)Polo
88.9%
The ___________ Code (11)Shakespeare
88.9%
______ of Blood (6)Family
88.9%
Age of _____ (5)Steel
88.3%
The _____ of Akhaten (5)Rings
87.2%
____ Water (4)Dark
86.7%
Death in ______ (6)Heaven
85.7%
The _________ Apprentice (9)Magician's
85.7%
Doctor ___ (3)Who
85%
The Doctor, The _____ and the Wardrobe (5)Widow
82.8%
The _____ Invasion of Earth (5)Dalek
79.4%
The Five _______ (7)Doctors
78.3%
Doctor ___ and the Silurians (3)Who
76.7%
The Reign of ______ (6)Terror
75%
The Three _______ (7)Doctors
75%
Genesis of the ______ (6)Daleks
73.3%
The Abominable _______ (7)Snowmen
71.1%
Episode Missing Word % Correct
The ___ Warriors (3)Ice
71.1%
Resurrection of the ______ (6)Daleks
70.6%
Tomb of the ________ (8)Cybermen
66.1%
The Tenth ______ (6)Planet
64.4%
The ________ Show in the Galaxy (8)Greatest
63.9%
____ to Doomsday (4)Four
60.6%
The Caves of _________ (9)Androzani
60.6%
The Mark of the ____ (4)Rani
60%
_____ of a Time Lord (5)Trial
59.4%
The Celestial ________ (8)Toymaker
57.2%
The ___ Machines (3)War
57.2%
The Green _____ (5)Death
56.1%
The ______ of Weng-Chiang (6)Talons
56.1%
The Deadly ________ (8)Assassin
55.6%
The _____ Pirates (5)Space
53.3%
The _____ of Peladon (5)Curse
53.3%
The ____ of Fear (4)Hand
53.3%
Horror of ____ Rock (4)Fang
53.3%
The _____ Museum (5)Space
52.8%
The _____ of Morbius (5)Brain
52.8%
The ____ Dilemma (4)Twin
52.8%
Warriors of the ____ (4)Deep
52.2%
The Enemy of the _____ (5)World
51.7%
Vengeance on _____ (5)Varos
51.1%
The Ambassadors of _____ (5)Death
50.6%
Carnival of ________ (8)Monsters
50.6%
________ of the Dinosaurs (8)Invasion
49.4%
The _____ of Axos (5)Claws
48.9%
The _________ Patrol (9)Happiness
48.9%
______ Nemesis (6)Silver
48.9%
________ of Mars (8)Pyramids
48.3%
The Ribos _________ (9)Operation
47.8%
_____ of Decay (5)State
46.7%
Mission to the _______ (7)Unknown
45.6%
The _____ Terror (5)Macra
44.4%
Paradise ______ (6)Towers
44.4%
Delta and the _________ (9)Bannermen
43.9%
The _______ of Peladon (7)Monster
41.7%
_________ of Eden (9)Nightmare
40.6%
The __________ Menace (10)Underwater
38.9%
Remove Ads.
Support Sporcle.
Get the best of Sporcle when you Go Orange. This ad-free experience offers more features, more stats, and more fun while also helping to support Sporcle. Thank you for becoming a member.

You're not logged in!

Compare scores with friends on all Sporcle quizzes.
OR
Log In

Show Comments

Extras

Top Quizzes Today


Score Distribution

Your Account Isn't Verified!

In order to create a playlist on Sporcle, you need to verify the email address you used during registration. Go to your Sporcle Settings to finish the process.

Report this User

Report this user for behavior that violates our Community Guidelines.

Details: